000 00350 a2200169 4500
001 186842
020 _a85-08-05658-3
040 _cMagnum
100 _aFurnari, Eva
240 1 0 _aO feitiço do sapo
_lpor
245 1 0 _aO feitiço do sapo
300 _a32
362 0 _a1995
440 1 _aÁtica
697 _aLITERATURA INFANTO
942 _cBK
999 _c186842
_d186842